ACES (Record no. 120799)

MARC details
000 -LEADER
fixed length control field 00852cai a22001935a 4500
001 - CONTROL NUMBER
control field E147682
008 - FIXED-LENGTH DATA ELEMENTS--GENERAL INFORMATION
fixed length control field 090604u xxk g 000 0 eng d
035 ## - SYSTEM CONTROL NUMBER
System control number (Sirsi) u147682
041 0# - LANGUAGE CODE
Language code of text/sound track or separate title eng
110 2# - MAIN ENTRY--CORPORATE NAME
Corporate name or jurisdiction name as entry element University of Aberdeen
9 (RLIN) 2596
245 00 - TITLE STATEMENT
Title ACES
Remainder of title Aberdeen Centre for Environmental Sustainability
Medium [electronic resource]
520 ## - SUMMARY, ETC.
Summary, etc. Website for ACES, which brings together researchers from the Macaulay Institute and the University of Aberdeen to look at issues relating to sustainability. Includes details of current projects, publications, seminars and other activities.
590 ## - LOCAL NOTE (RLIN)
Local note KA
651 #4 - SUBJECT ADDED ENTRY--GEOGRAPHIC NAME
Geographic name Scotland
Chronological subdivision 1999-
690 ## - LOCAL SUBJECT ADDED ENTRY--TOPICAL TERM (OCLC, RLIN)
Topical term or geographic name as entry element ENVIRONMENTAL AND LAND CONSULTANCY-SUSTAINABILITY
710 2# - ADDED ENTRY--CORPORATE NAME
Corporate name or jurisdiction name as entry element Macaulay Institute
9 (RLIN) 5679
856 40 - ELECTRONIC LOCATION AND ACCESS
Uniform Resource Identifier <a href="https://www.aces.ac.uk/index.php">https://www.aces.ac.uk/index.php</a>
Public note View the website free of charge at www.aces.ac.uk...
942 ## - ADDED ENTRY ELEMENTS (KOHA)
Suppress in OPAC 0
Holdings
Withdrawn status Lost status Source of classification or shelving scheme Damaged status Not for loan Home library Current library Shelving location Date acquired Total Checkouts Full call number Barcode Date last seen Copy number Price effective from Koha item type
    Dewey Decimal Classification     Virtual Virtual Online 04/06/2009   WEBSITE 147682-2001 06/08/2019 1 06/08/2019 Online material